[Event "Havana Giraldilla op"]
[Site "Havana"]
[Date "2024.08.13"]
[Round "4"]
[White "Gomez Herrera, Marcelo"]
[Black "Nunez Gonzalez, Alejandro"]
[Result "0-1"]
[WhiteElo "1447"]
[BlackElo "1611"]
[PlyCount "90"]
[EventDate "2024.08.12"]
[EventType "swiss"]
[EventRounds "9"]
[EventCountry "CUB"]
[SourceTitle "CBM 221 Extra"]
[Source "ChessBase"]
[SourceDate "2024.09.30"]
[SourceVersion "1"]
[SourceVersionDate "2024.09.30"]
[SourceQuality "1"]

1. d4 d5 2. Bf4 Nf6 3. Nf3 Bg4 4. e3 e6 5. Bd3 Bd6 6. Bxd6 cxd6 7. Nbd2 Nc6 8. h3 Bxf3 9. Nxf3 e5 10. Nh2 exd4 11. exd4 Nxd4 12. c3 Qe7+ 13. Be2 Nxe2 14. Qxe2 Qxe2+ 15. Kxe2 0-0 16. Rhe1 Rfe8+ 17. Kf1 Re5 18. Nf3 Re4 19. Rad1 Rxe1+ 20. Rxe1 Ne4 21. Nd4 Re8 22. Kg1 a6 23. f3 Nf6 24. Rxe8+ Nxe8 25. Kf2 g6 26. Ke3 Kg7 27. g4 Kf6 28. f4 Ng7 29. a3 Ne6 30. Nxe6 fxe6 31. Kd4 h5 32. g5+ Kf5 33. Ke3 e5 34. Kf3 exf4 35. h4 Ke5 36. Ke2 Ke4 37. Kf2 f3 38. Ke1 Ke3 39. Kf1 f2 40. b4 b5 41. Kg2 Ke2 42. a4 f1Q+ 43. Kg3 Qg1+ 44. Kh3 Kf3 45. axb5 Qh1# 0-1